Field-effect transistors (Record no. 23498)

000 -LEADER
fixed length control field 00539nam a22002057a 4500
001 - CONTROL NUMBER
control field 23498
003 - CONTROL NUMBER IDENTIFIER
control field BD-DhUET
008 - FIXED-LENGTH DATA ELEMENTS--GENERAL INFORMATION
fixed length control field 150504b xxu||||| |||| 00| 0 eng d
040 ## - CATALOGING SOURCE
Transcribing agency DLC
Modifying agency BD-DhUET
082 ## - DEWEY DECIMAL CLASSIFICATION NUMBER
Classification number 623.8151
Item number SEV/1965
100 ## - MAIN ENTRY--PERSONAL NAME
Personal name Sevin, Leonce J.
245 ## - TITLE STATEMENT
Title Field-effect transistors
250 ## - EDITION STATEMENT
Edition statement 1st ed.
260 ## - PUBLICATION, DISTRIBUTION, ETC. (IMPRINT)
Place of publication, distribution, etc. New York
Name of publisher, distributor, etc. McGraw-Hill
Date of publication, distribution, etc. 1965
300 ## - PHYSICAL DESCRIPTION
Extent viii, 130p.
490 ## - SERIES STATEMENT
Series statement Texas instruments electronics series
504 ## - BIBLIOGRAPHY, ETC. NOTE
Bibliography, etc Includes bibliographies
650 #0 - SUBJECT ADDED ENTRY--TOPICAL TERM
Topical term or geographic name as entry element Transistors : Electronics
942 ## - ADDED ENTRY ELEMENTS (KOHA)
Koha item type General Book
Holdings
Koha item type Not for loan Damaged status Location (home branch) Lost status Shelving location Withdrawn status Piece designation (barcode) Sublocation or collection (holding branch) Copy number Source of classification or shelving scheme Koha full call number Koha normalized classification for sorting Date acquired Price effective from Koha date last seen
General Book  Central Library, BUET Circulation section 9961Central Library, BUET1 623.8151/SEV/1965623_815100000000000_SEV_19652015-05-042015-05-042015-05-04
General Book  Central Library, BUET Circulation section 9962Central Library, BUET2 623.8151/SEV/1965623_815100000000000_SEV_19652015-05-042015-05-042015-05-04
General Book  Central Library, BUET Circulation section 44418Central Library, BUET3 623.8151/SEV/1965623_815100000000000_SEV_19652015-05-042015-05-042015-05-04
General Book  Central Library, BUET Circulation section 44419Central Library, BUET4 623.8151/SEV/1965623_815100000000000_SEV_19652015-05-042015-05-042015-05-04
General Book  Central Library, BUET Circulation section 9960Central Library, BUET5 623.8151/SEV/1965623_815100000000000_SEV_19652015-05-052015-05-052015-05-05